Problemas de España (Record no. 89883)

MARC details
000 -LEADER
campo de control de longitud fija 00831nam a2200217 i 4500
001 - NÚMERO DE CONTROL
campo de control 89883
003 - IDENTIFICADOR DE NÚMERO DE CONTROL
campo de control ES-MaACL
005 - FECHA Y HORA DE LA ÚLTIMA TRANSACCIÓN
campo de control 20230906180308.0
007 - CAMPO FIJO DE DESCRIPCIÓN FÍSICA--INFORMACIÓN GENERAL
campo de control de longitud fija t|
008 - DATOS DE LONGITUD FIJA--INFORMACIÓN GENERAL
campo de control de longitud fija 050114s1956 sp |||| | spa d
100 1# - ENTRADA PRINCIPAL--NOMBRE DE PERSONA
Nombre de persona Latorre Roca, Rafael.
9 (RLIN) 70542
245 10 - MENCIÓN DEL TÍTULO
Título Problemas de España
Resto del título : económicos, sociales, morales y religiosos : tercera serie /
Mención de responsabilidad, etc. Rafael Latorre Roca ; prólogo de Jorge Vigón Suero-Díaz ; epílogo de Juan José Fernández Zumel y Tomás Bulnes.
260 ## - PUBLICACIÓN, DISTRIBUCIÓN, ETC.
Lugar de publicación, distribución, etc. Valladolid :
Nombre del editor, distribuidor, etc. [s.n.],
Fecha de publicación, distribución, etc. 1956 (
Fabricante Miñón, imp.)
300 ## - DESCRIPCIÓN FÍSICA
Extensión XV, 97 p. ;
Dimensiones 21 cm.
651 #4 - PUNTO DE ACCESO ADICIONAL DE MATERIA--NOMBRE GEOGRÁFICO
Nombre geográfico España-
Subdivisión general Situación económica.
9 (RLIN) 8498
651 #4 - PUNTO DE ACCESO ADICIONAL DE MATERIA--NOMBRE GEOGRÁFICO
Nombre geográfico España-
Subdivisión general Situación social.
9 (RLIN) 8506
700 1# - ENTRADA AGREGADA--NOMBRE PERSONAL
Nombre de persona Vigón, Jorge.
9 (RLIN) 114665
700 1# - ENTRADA AGREGADA--NOMBRE PERSONAL
Nombre de persona Fernández Zumel, Juan José.
9 (RLIN) 50199
700 1# - ENTRADA AGREGADA--NOMBRE PERSONAL
Nombre de persona Bulnes, Tomás.
9 (RLIN) 32531
852 ## - LOCALIZACIÓN
Ubicación ES-MaACL
Número de control de estantería C-12943
Holdings
Estatus retirado Estado de pérdida Estado de daño No para préstamo Biblioteca de origen Biblioteca actual Ubicación en estantería Fecha de adquisición Fuente de adquisición Total de préstamos Signatura topográfica completa Código de barras Visto por última vez Precio de reemplazo Tipo de ítem Koha
        Biblioteca del Ateneo de Madrid Biblioteca del Ateneo de Madrid Sala Palomar 17/01/2008     C-12943 1093866 23/02/2023 23/02/2023 Libro impreso